| 000 | 00572nam a2200205 a 4500 | ||
|---|---|---|---|
| 999 |
_c7550 _d7550 |
||
| 001 | 7550 | ||
| 003 | BD-JhCC | ||
| 005 | 20180211170139.0 | ||
| 008 | 180211s1984 bg |||| |||| 000 0 eng d | ||
| 035 | _a(BD-JhCC) | ||
| 040 |
_aBD-JhCC _dBD-JhCC |
||
| 041 | _aeng | ||
| 082 |
_a954.9205 _bKHA 1984 |
||
| 100 | _aKhan, Zillur R. | ||
| 245 |
_aMartial Law to Martial Law : Leadership Crisis in Bangladesh / _cZillur R. Khan |
||
| 260 |
_aDhaka: _bUniversity Press Ltd, _c1984 |
||
| 300 |
_a255 p;, _c22 cm |
||
| 650 |
_aPolitics and Government _zBangladesh |
||
| 942 |
_2ddc _cBK |
||